000
00257nam a2200109Ia 4500
008
220204s9999 xx 000 0 und d
082
_a
82-3
_b
DAV
100
_a
Davidson, Lionel
245
4
_a
The Sun chemist
260
_a
England
_b
Penguin
_c
1978
942
_c
BK
999
_c
29507
_d
29507